00725cam a22002171 450000100060000000300080000600500170001400800390003103500190007003500190008904000300010804100080013808200270014610000220017324501400019526000370033530000360037250400530040865000230046165000230048413026BD-RjUL20211208235407.0140130s1952 nyka 001 0 eng a(BD-RjUL)13076 a(OCoLC)1559844 aDLCcFdDLCdBD-RjULbeng aeng a621.38201515bCUH 19521 aCuccia, C. Louis.10aHarmonics, sidebands, and transients in communication engineering :cC. Louis Cuccia.bas studied by the Fourier and Laplace analyses / aNew York :bMcGraw-Hill,cc1952. aix, 465 p. :billus. ;c24 cm. aIncludes bibliographical references and indexes. 0aHarmonic analysis. 0aTelecommunication.